Polymeric composites with MXene nanofillers

Salvato in:
Dettagli Bibliografici
Autore principale: Stepura, Anastasiia (Autore)
Altri autori: Omastová, Mária (Relatore della tesi)
Natura: Manoscritto Libro
Lingua:slovacco
inglese
Pubblicazione: 2023
Soggetti:
Accesso online:http://is.stuba.sk/zp/portal_zp.pl?podrobnosti=172506
Tags: Aggiungi Tag
Nessun Tag, puoi essere il primo ad aggiungerne!!

MARC

LEADER 00000ntm a22000003a 4500
001 stuzp87096
003 SK-STU
005 20230909210810.0
007 ta
008 150427s2015----xo-----f-mn---000-0-slo-d
040 |a STU  |b slo 
041 0 |a eng 
100 1 |a Stepura, Anastasiia  |u 045000  |4 aut  |U FCHPT Fakulta chemickej a potravinárskej technológie  |T FCHPT Ústav fyzikálnej chémie a chemickej fyziky  |X 106581  |U C5000  |Y 103  |7 106581 
242 0 1 |a Polymeric composites with MXene nanofillers  |y slo 
245 1 0 |a Polymeric composites with MXene nanofillers 
260 |c 2023 
650 4 |a polymérne nanokompozity  |2 slo 
650 4 |a poly(metylmetakrylát) PMMA  |2 slo 
650 4 |a vysoko amorfný poly(vinylalkohol) HAVOH  |2 slo 
650 4 |a mnohostenné uhlíkové nanotrubičky  |2 slo 
650 4 |a jednostenné uhlíkové nanotrubičky  |2 slo 
650 4 |a MXény  |2 slo 
650 4 |a single-walled carbon nanotubes SWCNTs  |2 eng 
650 4 |a multi-walled carbon nanotubes MWCNTs  |2 eng 
650 4 |a polymeric nanocomposites  |2 eng 
650 4 |a poly(methyl methacrylate) PMMA  |2 eng 
650 4 |a highly-amorphous poly(vinyl alcohol) HAVOH  |2 eng 
650 4 |a MXenes  |2 eng 
700 1 |a Omastová, Mária  |4 ths  |X 62113  |7 62113 
856 4 |u http://is.stuba.sk/zp/portal_zp.pl?podrobnosti=172506